000 00402 a2200145 4500
005 20250312092556.0
020 _a0-07-092804-5
082 _a658.834 TRE
100 _aTRELIVING, J. T.
245 _aGeneral Business and Consumer Fundamentals
260 _aCanada
_bMcGraw-Hill
_c1970
300 _a388p., ill., Picture, figure, table
_bGlossary, index
_c25cm
700 _aMURPHY, T. G.
942 _2ddc
_cBKS
999 _c428
_d428